| 000 | 00709nam a2200217Ia 4500 | ||
|---|---|---|---|
| 005 | 20230805114825.0 | ||
| 008 | 210716s1993 xx 000 0 und d | ||
| 040 | _cAIMIT LIBRARY | ||
| 041 | _aeng | ||
| 082 |
_a005.11 _21 _bRAMJ |
||
| 100 |
_aRamalho, Jose Antonio Alves. _9129484 |
||
| 245 |
_a111 clipper funtions / _cBy Jose Antonio Alves Ramalho. |
||
| 250 | _a1st ed. | ||
| 260 |
_aNew Delhi : _bBPB Publications , _c1993. |
||
| 300 |
_axiii,268p. ; _bPB _c23 cm. |
||
| 650 |
_aScreen changing functions _9129485 |
||
| 650 |
_aNumeric functions _9129486 |
||
| 650 |
_aOperational environment of file functions _9129487 |
||
| 650 |
_aTime functions _9129488 |
||
| 942 |
_2ddc _cBK _e1st ed. _k005.11 RAMJ |
||
| 999 |
_c182803 _d182803 |
||